Normal view
MARC view
- MS-COMPUTER ENGINEERING-16 MSTHESIS
Entry Topical Term
001 - CONTROL NUMBER
- control field: 72689
003 - CONTROL NUMBER IDENTIFIER
- control field: NUST
005 - DATE AND TIME OF LATEST TRANSACTION
- control field: 20210628204855.0
008 - FIXED-LENGTH DATA ELEMENTS
- fixed length control field: 210628|| aca||aabn | a|a d
040 ## - CATALOGING SOURCE
- Original cataloging agency: NUST
- Transcribing agency: NUST
150 ## - HEADING--TOPICAL TERM
- Topical term or geographic name entry element: MS-COMPUTER ENGINEERING-16 MSTHESIS
670 ## - SOURCE DATA FOUND
- Source citation: Work cat.: (NUST): Muhammad Abbas Hussain 72688, TH-SOF-1742-Classification of White Blood Cells from Microscopic Images, 2020
